000 01304nam0a22002531 4500
001 rc\3138227
005 20120615100711.8
035 _a(NLR Aleph) 007289232
090 _a5591967
_c5591967
100 _a20120615d1975 |||y0rusy50 ca
101 0 _arus
102 _aRU
105 _ay z |||||
200 1 _aТектоника нефтегазоносных областей Сибири и Дальнего Востока
_e(Тезисы докладов)
_f[Отв. ред. канд. геол.-минерал. наук В.С. Бочкарев]
210 _aТюмень
_cБ. и.
_d1975
215 _a157 с.
_d23
225 1 _aГлавное тюменское производственное геологическое управление (Главтюменьгеология). Западно-Сибирский научно-исследовательский геологоразведочный нефтяной институт (ЗапСибНИГНИ). Труды
_fНауч. сов. по тектонике Сибири и Дальнего Востока СО АН СССР
_vВып. 95
333 _aДСП. Экз. № 00021
702 1 _aБочкарев
_bВ. С.
_4340
801 0 _aRU
_bNLR
_gpsbo
801 1 _aRU
_bELAR
_2rusmarc
852 _aNLR
_jП7/1049
942 _cBOOK
980 _aNB